Statistics for BNHA character quiz

Click here to take the quiz!

General Stats

  • This quiz has been taken 72 times
  • The average score is 14 of 15

Answer Stats

HintAnswer% Correct
pinkmina
100%
anger issuesbakugo
98%
green hairdeku
97%
electricdenki
97%
grape looking pervmineta
97%
number 1 heroall might
95%
blue firedabi
95%
creationmomo
95%
icey hottodoroki
95%
likes dekuuraraka
95%
red hairkirishima
94%
bird boytokoyami
91%
ear phone jackjirou
88%
decay (i think thats how u spell it)shigaraki
86%
kills herosstain
80%

Score Distribution

Percentile by Number Answered

Percent of People with Each Score

Your Score History

You have not taken this quiz